书目信息 |
| 题名: |
百面机器学习
|
|
| 作者: | 诸葛越 主编 ;葫芦娃 著 | |
| 分册: | ||
| 出版信息: | 北京 人民邮电出版社 2018.08 |
|
| 页数: | 397页 | |
| 开本: | 23cm | |
| 丛书名: | ||
| 单 册: | ||
| 中图分类: | TP181 | |
| 科图分类: | ||
| 主题词: | 机器学习--算法 | |
| 电子资源: | ||
| ISBN: | 978-7-115-48736-0 | |
| 000 | 01215nam0 2200289 450 | |
| 001 | 009815638 | |
| 005 | 20190109091215.0 | |
| 010 | @a978-7-115-48736-0@dCNY89.00 | |
| 090 | @aTP18@bzgy | |
| 096 | @aTP18@bzgy | |
| 100 | @a20180917d2018 em y0chiy0120 ea | |
| 101 | 0 | @achi |
| 102 | @aCN@b110000 | |
| 105 | @aa z 000yy | |
| 106 | @ar | |
| 200 | 1 | @a百面机器学习@b专著@e算法工程师带你去面试@dThe quest for machine learning@e100+ interview questions for algorithm engineer@f诸葛越主编@g葫芦娃著@zeng@9bai mian ji qi xue xi |
| 210 | @a北京@c人民邮电出版社@d2018.08 | |
| 215 | @a397页@c图@d23cm | |
| 330 | @a本书将从特征工程、模型评估、降维等经典机器学习领域出发,构建一个算法工程师必备的知识体系;见神经网络、强化学习、生成对抗网络等最新科研进展之微,知机器学习领域胜败兴衰之著;在最后一章为读者展示生活中各种引领时代的人工智能应用。 | |
| 510 | 1 | @aQuest for machine learning@e100+ interview questions for algorithm engineer@zeng |
| 517 | 1 | @a算法工程师带你去面试@9suan fa gong cheng shi dai ni qu mian shi |
| 606 | 0 | @a机器学习@x算法 |
| 690 | @aTP181@v5 | |
| 701 | 0 | @a诸葛越@c(女,计算机)@4主编@9zhu ge yue |
| 712 | 02 | @a葫芦娃@4著@9hu lu wa |
| 801 | @b人天书店 | |
| 905 | @aTSG@dTP18@eZ905@f1 | |
| 百面机器学习:算法工程师带你去面试=The quest for machine learning:100+ interview questions for algorithm engineer/诸葛越主编/葫芦娃著.-北京:人民邮电出版社,2018.08 |
| 397页:图;23cm |
| ISBN 978-7-115-48736-0:CNY89.00 |
| 本书将从特征工程、模型评估、降维等经典机器学习领域出发,构建一个算法工程师必备的知识体系;见神经网络、强化学习、生成对抗网络等最新科研进展之微,知机器学习领域胜败兴衰之著;在最后一章为读者展示生活中各种引领时代的人工智能应用。 |
| ● |
| 相关链接 |
|
|
|
正题名:百面机器学习
索取号:TP18/Z905
 
预约/预借
| 序号 | 登录号 | 条形码 | 馆藏地/架位号 | 状态 | 备注 |
| 1 | 1538266 | 215382663 | 自科库301/301自科库 102排7列1层/ [索取号:TP18/Z905] | 在馆 |